Safety aspects of intersection control devices /

Bibliographic Details
Main Author: Roer, Paul O.
Corporate Authors: Ontario. Department of Highways, University of Waterloo. Department of Civil Engineering
Other Authors: McLaughlin, W. A.
Format: Book
Language:English
Published: [Toronto] : Ontario Dept. of Highways, 1970.
Series:D.H.O. report ; no. 164.
Subjects:

MARC

Tag First Indicator Second Indicator Subfields
LEADER 00000cam a2200000 a 4500
001 in00000781221
005 20151017054358.0
008 871022s1970 onca t s00010 eng d
035 |a (OCoLC)16887482 
035 |9 ADL8441AM 
040 |a EEV  |c EEV  |d TXA  |d UtOrBLW 
043 |a n-cn--- 
049 1 |a TXA2 
090 |a TA1001  |b .O52 no. 164 
100 1 |a Roer, Paul O. 
245 1 0 |a Safety aspects of intersection control devices /  |c by P. Roer and W. A. McLaughlin. 
264 1 |a [Toronto] :  |b Ontario Dept. of Highways,  |c 1970. 
300 |a 1 volume (various paging) :  |b diagrams, tables ;  |c 28 cm. 
336 |a text  |b txt  |2 rdacontent 
337 |a unmediated  |b n  |2 rdamedia 
338 |a volume  |b nc  |2 rdacarrier 
490 1 |a D.H.O. report ;  |v no. RR 164 
500 |a Report on Project W-7 carried out at the Department of Civil Engineering, University of Waterloo, Ontario. 
650 0 |a Traffic accidents  |z Canada. 
650 0 |a Traffic signs and signals  |z Canada. 
700 1 |a McLaughlin, W. A. 
710 1 |a Ontario.  |b Department of Highways. 
710 2 |a University of Waterloo.  |b Department of Civil Engineering.  |g Project W-7. 
830 0 |a D.H.O. report ;  |v no. 164. 
999 |a MARS 
999 f f |s e08285a6-35df-3e91-b929-0bbe170c7fec  |i fa4d2df0-5235-3f0a-98eb-5de925adc57a  |t 0 
952 f f |p ric  |a Texas A&M University  |b Rellis Campus  |c Joint Library Facility  |d Remote Storage  |t 0  |e TA1001 .O52 no. 164  |h Library of Congress classification  |i unmediated -- volume  |m A14810835357 
998 f f |a TA1001 .O52 no. 164  |t 0  |l Remote Storage